00503nam a2200193 a 4500001001300000003000900013005001700022008004100039020001000080082002200090100002800112245003300140260003900173300000800212500003500220505001000255650001600265700002800281nice12345678IN_TiNIC20260116011905.0050524s0000 tria grp 000 0 eng  ac10000a306.0899145bTHE1 aTheerthan, Swami Dharma aHistory of Hindu Imperialism aTrivandrumbL.M.S.Book Depotc0000 a47p aincludes index and biblioraphy2 aIndex aCaste-India1 aTheerthan, Swami Dharma